| Поле | Инд. | ПП | Название | Значение |
|---|---|---|---|---|
| Тип записи | a | |||
| Библиографический уровень | a | |||
| 001 | Контрольный номер | a27a7da6410f4b6d8c265a9e747ab6ec | ||
| 005 | Дата корректировки | 20220224154314.7 | ||
| 040 | a | Служба первич. каталог. | НБ ТвГУ | |
| b | Код языка каталог. | rus | ||
| e | Правила каталог. | PSBO | ||
| 041 | 0_ | a | Код языка текста | rus |
| 097 | b | Оператор | Komarova.ES | |
| 100 | 1_ | a | Автор | Афанасьева Лариса Григорьевна |
| q | Полное имя | Афанасьева Л. Г. | ||
| 245 | 10 | a | Заглавие | Асимптотический анализ систем обслуживания с повторными вызовами при регенерирующем входящем потоке |
| 260 | a | Место издания | Тверь | |
| b | Издательство | Тверской государственный университет | ||
| 504 | a | Библиография | Библиогр.: с. 111-112 (7 назв.) | |
| 520 | 0_ | a | Аннотация | Рассматривается многоканальная система с повторными вызовами и постоянной интенсивностью запросов с орбиты. Времена обслуживания требований имеют произвольное распределение, а входящий поток предполагается регенерирующим. На основе метода синхронизации и теорем о сильной гауссовской аппроксимации регенерирующих потоков мы устанавливаем аналог сильного принципа инвариантности Штрассена для количества требований в перегруженной системе. |
| 653 | 0_ | a | Ключевые слова | Москва, город |
| a | Ключевые слова | Московский государственный университет им. М. В. Ломоносова | ||
| a | Ключевые слова | Системы обслуживания | ||
| a | Ключевые слова | Повторные вызовы | ||
| a | Ключевые слова | Условия стабильности | ||
| 700 | 12 | a | Другие авторы | Баштова Елена Евгеньевна |
| q | Полное имя | Баштова Е. Е. | ||
| 773 | 18 | w | Контрольный № источника | f93cd7c2cffb4b90a02951ff508e955d |
| t | Название источника | Математические основы информатики и информационно-коммуникационных систем" | ||
| d | Место и дата издания | Тверь : Тверской государственный университет, 2021 | ||
| g | Прочая информация | С. 108-113 | ||
| 856 | 40 | u | URL | http://megapro.tversu.ru/megaPro/UserEntry?Action=FindDocs&ids=5455312 |
| u | URL | http://texts.lib.tversu.ru/texts/151505t.pdf | ||
| x | Примечание для ЭОР | Справка УИС 2021 | ||
| x | Примечание для ЭОР | Реестр суммарного учета сетевых локальных документов | ||
| i | Дата подключения ЭОР | 20211224 | ||
| 901 | t | Тип документа | a | |
| 920 | a | Оператор | Кома | |
| 954 | b | Дата поступления в ОК | 20211222 |